| 000 | 00631naa a2200193 4500 | ||
|---|---|---|---|
| 001 | 154721 | ||
| 003 | ES-MaBCM | ||
| 005 | 20241016185825.0 | ||
| 008 | 080123s2007 fra|r0p 0 ||fre d | ||
| 021 | _axx | ||
| 035 | _a(OCoLC)1365117887 | ||
| 040 | _cES-MaBCM | ||
| 100 | 1 |
_aBallandras-Rozet, Christelle _982228 |
|
| 245 | 0 | 0 |
_aRéflexions sur la dimension morale du détournement de pouvoir _cChristelle Ballandras-Rozet |
| 650 | 1 | 7 |
_aAbuso de poder _957403 |
| 651 | 1 | 4 |
_aFrancia _9115364 |
| 773 | 0 |
_aEn: _tAJDA. L'actualité juridique. Droit administratif _dParis _w104215 _gNº 41 (dec. 2007), p. 2236-2242 |
|
| 942 | _cAREV | ||
| 999 |
_c154721 _d154721 |
||